004030000a22001690004500020001500000060000800015082001600023100002000039100001800059100003000077245003100107250000600138260004200144260000900186300000900195650002900204 a0070697582 a100 a574.192 WHI ahandler, Philip aSmith, Emil L aWhite, AbrahamfAnnotator aPrinciples of Biochemistry a5 aTokyo, Mc Graw- Hill Book Company Inc c1973 a1203 aBiochemistry / Nutrition